Política comercial e integración económica en Centroamérica /

Պահպանված է:
Մատենագիտական մանրամասներ
Համատեղ հեղինակներ: Fundación del servicio exterior para la paz y la democracia, FUNPADEM Centro para las Relaciones Económicas Internacionales CREI
Ձևաչափ: Տեքստ
Հրապարակվել է: San José: FUNPADEM
Ցուցիչներ: Ավելացրեք ցուցիչ
Չկան պիտակներ, Եղեք առաջինը, ով նշում է այս գրառումը!

MARC

LEADER 00000 a a2200000 04500
001 25814
003
040
020 |a 9968-9804-1-2  
090 |a 174210  
110 |a Fundación del servicio exterior para la paz y la democracia  
245 |a Política comercial e integración económica en Centroamérica /  |c Fundación del servicio exterior para la paz y la democracia  
260 |a San José:   |b FUNPADEM  
300 |a 276 p.  
710 |a FUNPADEM   |a Centro para las Relaciones Económicas Internacionales   |a CREI  
999 |c 14622  |d 14622